2022 New York Mets Leaders - Statistics

General Stats
  • This quiz has been taken 56 times
  • The average score is 18 of 54
Answer Stats
Statistic Player % Correct
HR (Batting) - 40 Pete Alonso
75%
RBI - 131 Pete Alonso
70%
BA - .326 Jeff McNeil
61%
Youngest - 20 Francisco Alvarez
59%
G (Batting) - 161 Francisco Lindor
59%
PA - 706 Francisco Lindor
59%
AB - 630 Francisco Lindor
59%
SLG - .518 Pete Alonso
59%
OPS - .869 Pete Alonso
59%
OPS+ - 148 Pete Alonso
59%
OBP - .382 Jeff McNeil
57%
TB - 309 Pete Alonso
57%
SB - 18 Starling Marte
55%
SV - 32 Edwin Diaz
52%
H (Batting) - 174 Jeff McNeil
52%
CS - 9 Starling Marte
52%
BB (Batting) - 71 Brandon Nimmo
50%
2B - 39 Jeff McNeil
50%
IBB (Batting) - 16 Pete Alonso
50%
R (Batting) - 102 Brandon Nimmo
48%
3B - 7 Brandon Nimmo
43%
ERA - 1.31 Edwin Diaz
41%
SO (Batting) - 133 Francisco Lindor
41%
HBP (Batting) - 28 Mark Canha
39%
GDP - 18 Starling Marte
36%
W - 15 Bassitt/Carrasco
30%
SF - 9 Pete Alonso
27%
L - 9 Chris Bassitt
25%
GS - 30 Chris Bassitt
25%
IP - 181.2 Chris Bassitt
25%
ER - 69 Chris Bassitt
20%
HR (Pitching) - 19 Chris Bassitt
20%
BB (Pitching) - 49 Chris Bassitt
20%
R (Pitching) - 71 Bassitt/Carrasco
18%
W-L% - .750 Edwin Diaz
18%
GF - 49 Edwin Diaz
18%
Oldest - 39 Robinson Cano
18%
H (Pitching) - 161 Carlos Carrasco
16%
IBB (Pitching) - 2 Carrasco/Ottavino
16%
ERA+ - 294 Edwin Diaz
16%
FIP - 0.90 Edwin Diaz
16%
H9 - 4.9 Edwin Diaz
16%
HR9 - 0.4 Edwin Diaz
16%
SO (Pitching) - 173 Max Scherzer
16%
G (Pitching) - 66 Adam Ottavino
14%
SO9 - 17.1 Edwin Diaz
14%
BK - 1 Bassitt/Medina
11%
HBP (Pitching) - 13 Chris Bassitt
11%
BF - 745 Chris Bassitt
7%
WHIP - 0.746 Jacob deGrom
7%
BB9 - 1.1 Jacob deGrom
7%
SO/W - 12.75 Jacob deGrom
7%
SH - 12 Tomas Nido
7%
WP - 7 Adam Ottavino
5%
No matching quizzes found
Score Distribution
Percent of People with Each Score
Percentile by Number Answered
Your Score History
You have not taken this quiz